Высокомолекулярные компоненты нефтей месторождений Вьетнама; Нефтехимия; Т. 43, № 4

Detalhes bibliográficos
Parent link:Нефтехимия: научный журнал/ Российская академия наук (РАН).— , 1963-.— 0028-2421
Т. 43, № 4.— 2003.— С. 252-255
Outros Autores: Головко А. К., Горбунова Л. В., Камьянов В. Ф., Доннг Ч. Л., Савиных Ю. В. Юрий Валентинович
Idioma:russo
Publicado em: 2003
Assuntos:
Formato: Capítulo de Livro
KOHA link:https://koha.lib.tpu.ru/cgi-bin/koha/opac-detail.pl?biblionumber=387955

MARC

LEADER 00000naa2a2200000 4500
001 387955
005 20231101063658.0
035 |a (RuTPU)RU\TPU\prd\18323 
090 |a 387955 
100 |a 20031013a2003 k y0rusy50 ca 
101 0 |a rus 
102 |a RU 
200 1 |a Высокомолекулярные компоненты нефтей месторождений Вьетнама  |f А. К. Головко [и др.] 
320 |a Библиогр.: 8 назв. 
461 1 |0 (RuTPU)RU\TPU\prd\1600  |x 0028-2421  |t Нефтехимия  |o научный журнал  |f Российская академия наук (РАН)  |d 1963- 
463 1 |0 (RuTPU)RU\TPU\prd\18083  |t Т. 43, № 4  |v С. 252-255  |d 2003 
610 1 |a Вьетнам 
610 1 |a нефти 
610 1 |a месторождения 
610 1 |a высокомолекулярные компоненты 
610 1 |a смолы 
610 1 |a асфальтены 
610 1 |a миоцен-олигоценовые пласты 
610 1 |a результаты 
675 |a 665.61:54(597)  |v 3 
701 1 |a Головко  |b А. К. 
701 1 |a Горбунова  |b Л. В. 
701 1 |a Камьянов  |b В. Ф. 
701 1 |a Доннг  |b Ч. Л. 
701 1 |a Савиных  |b Ю. В.  |c геолог  |c профессор Томского политехнического университета, доктор химических наук  |f 1949-  |g Юрий Валентинович  |2 stltpush  |3 (RuTPU)RU\TPU\pers\35180 
801 1 |a RU  |b 63413507  |c 20031013  |g PSBO 
801 2 |a RU  |b 63413507  |c 20160303  |g RCR 
942 |c BK